| 000 | 00632nam a2200205 i 4500 | ||
|---|---|---|---|
| 001 | 100953 | ||
| 003 | ES-MaACL | ||
| 005 | 20230906182808.0 | ||
| 007 | t| | ||
| 008 | 051010s1965 ag ||||1| spa d | ||
| 100 | 1 |
_aMauleón Castillo, Rafael. _979204 |
|
| 245 | 1 | 0 |
_aDibujos de la vendimia / _cRafael Mauleón Castillo, Angel Pérez Vega. |
| 260 |
_aMendoza (Argentina) : _bBrigadas Líricas, _c1965. |
||
| 300 |
_a14 lám. ; _c40 cm. |
||
| 490 | 1 | _aExpresiones de arte | |
| 700 | 1 |
_aPérez Vega, Angel. _991196 |
|
| 830 | 0 |
_aExpresiones de arte _9232458 |
|
| 852 |
_aES-MaACL _jB-7311 _bR.57059 |
||
| 999 |
_c100953 _d100953 |
||